00286nam a2200121Ia 4500008004100000082001500041100001600056245003000072250000800102260003800110300000800148650000800156191201s2011 xx 000 0 und d a658.3bARH aARORA,Vikas 0aHuman Resource Management a1st aN. DelhibGlobal vision pubc2011 a663 aBBA